[Event "Gran Canaria Santana Memorial 7th"]
[Site "Gran Canaria"]
[Date "2019.11.05"]
[Round "1"]
[White "Donate Villalba, Juan Francisco"]
[Black "Gonzalez Nocedo, Jaime"]
[Result "1-0"]
[WhiteElo "2079"]
[BlackElo "1554"]
[PlyCount "81"]
[EventDate "2019.11.05"]
[EventType "swiss"]
[EventRounds "7"]
[EventCountry "ESP"]
[SourceTitle "CBM 193 Extra"]
[Source "ChessBase"]
[SourceDate "2020.01.31"]
[SourceVersion "1"]
[SourceVersionDate "2020.01.31"]
[SourceQuality "1"]

1. e4 e5 2. Nc3 c6 3. d4 d6 4. Bc4 Nf6 5. dxe5 dxe5 6. Bxf7+ Ke7 7. Qxd8+ Kxd8 8. Nf3 Bb4 9. Bd2 Ke7 10. Bb3 Be6 11. Bxe6 Kxe6 12. Ng5+ Ke7 13. 0-0 Nbd7 14. f3 h6 15. Nh3 Bc5+ 16. Nf2 Kf7 17. Kh1 Rad8 18. Nd3 Bb6 19. Rad1 Rhe8 20. Ne2 Kg8 21. Ng3 Nc5 22. Bc3 Nxd3 23. cxd3 Bd4 24. Nf5 Bxc3 25. bxc3 Rd7 26. Rf2 Red8 27. Rfd2 Ne8 28. Kg1 Nc7 29. d4 Kf7 30. Kf2 Nb5 31. Rd3 h5 32. a4 Na3 33. Ne3 b5 34. Ra1 exd4 35. cxd4 Nc4 36. axb5 cxb5 37. Nxc4 bxc4 38. Rc3 Rc7 39. Ke3 Ke6 40. d5+ Kd7 41. Kd4 1-0

[Event "Canarias-chT"]
[Site "Vecindario"]
[Date "2019.06.14"]
[Round "2.1"]
[White "Leon Rodriguez, Orlando"]
[Black "Donate Villalba, Juan Francisco"]
[Result "1-0"]
[WhiteElo "2211"]
[BlackElo "2036"]
[PlyCount "63"]
[EventDate "2019.06.13"]
[EventType "team-swiss"]
[EventRounds "6"]
[EventCountry "ESP"]
[SourceTitle "EXT 2020"]
[Source "ChessBase"]
[SourceDate "2019.10.17"]
[SourceVersion "1"]
[SourceVersionDate "2019.10.17"]
[SourceQuality "1"]
[WhiteTeam "Panaderia Pulido San Mateo"]
[BlackTeam "Hotel Avda de Canarias II"]
[WhiteTeamCountry "ESP"]
[BlackTeamCountry "ESP"]

1. e4 e5 2. Nf3 Nc6 3. Bc4 Bc5 4. b4 Bxb4 5. c3 Be7 6. d4 d6 7. Qb3 Na5 8. Bxf7+ Kf8 9. Qa4 b6 10. Bxg8 Kxg8 11. 0-0 exd4 12. cxd4 h6 13. Bd2 Bd7 14. Qc2 Kh7 15. e5+ g6 16. Bxa5 bxa5 17. Nc3 Bf5 18. Qa4 c5 19. dxc5 dxe5 20. Rfd1 Qc7 21. Nd5 Qxc5 22. Rac1 Qa3 23. Qxa3 Bxa3 24. Rc7+ Kg8 25. Nxe5 Rf8 26. g4 Bd6 27. Ne7+ Bxe7 28. Rxe7 Bc2 29. Rdd7 Rc8 30. Rg7+ Kf8 31. Rdf7+ Ke8 32. Rc7 1-0

[Event "Las Palmas Montalvo Memorial 12th"]
[Site "Las Palmas"]
[Date "2019.04.16"]
[Round "5"]
[White "Garcia Padron, Jose"]
[Black "Donate Villalba, Juan Francisco"]
[Result "1-0"]
[WhiteElo "2411"]
[BlackElo "2054"]
[PlyCount "105"]
[EventDate "2019.04.13"]
[EventType "swiss"]
[EventRounds "9"]
[EventCountry "ESP"]
[SourceTitle "CBM 189 Extra"]
[Source "ChessBase"]
[SourceDate "2019.06.03"]
[SourceVersion "1"]
[SourceVersionDate "2019.06.03"]
[SourceQuality "1"]

1. c4 e6 2. Nc3 d5 3. d4 Nf6 4. Bg5 Be7 5. e3 0-0 6. Nf3 h6 7. Bh4 Ne4 8. Bxe7 Qxe7 9. cxd5 Nxc3 10. bxc3 exd5 11. Qb3 Rd8 12. Be2 c5 13. dxc5 Qxc5 14. 0-0 Nd7 15. Rfd1 Nb6 16. Rd4 Be6 17. Ne5 Rac8 18. Rc1 Qa5 19. Nd3 Rd7 20. Nf4 Rdc7 21. Rb4 d4 22. Nxe6 Rxc3 23. Rxc3 Rxc3 24. Qb1 Qa3 25. Rb2 d3 26. Nd4 dxe2 27. Nxe2 Rd3 28. Rc2 Rd8 29. h3 Qd3 30. Nd4 Nd5 31. Qc1 Nb6 32. Rc7 Qe4 33. Qb2 Rc8 34. Qc1 Rxc7 35. Qxc7 Qb1+ 36. Kh2 Qxa2 37. Nf5 Qxf2 38. Qe5 f6 39. Qe8+ Kh7 40. Ne7 Qa2 41. Qg6+ Kh8 42. Qe8+ Kh7 43. Ng6 Qd5 44. Nf8+ Kg8 45. Ne6+ Kh7 46. Qf7 Qd6+ 47. Kg1 Qd1+ 48. Kf2 Qd2+ 49. Kf3 Qd5+ 50. Kg3 Qe5+ 51. Kh4 f5 52. Nf8+ Kh8 53. Ng6+ 1-0

[Event "Las Palmas Montalvo Memorial 12th"]
[Site "Las Palmas"]
[Date "2019.04.15"]
[Round "4"]
[White "Donate Villalba, Juan Francisco"]
[Black "Pap, Misa"]
[Result "0-1"]
[WhiteElo "2054"]
[BlackElo "2480"]
[PlyCount "110"]
[EventDate "2019.04.13"]
[EventType "swiss"]
[EventRounds "9"]
[EventCountry "ESP"]
[SourceTitle "CBM 189 Extra"]
[Source "ChessBase"]
[SourceDate "2019.06.03"]
[SourceVersion "1"]
[SourceVersionDate "2019.06.03"]
[SourceQuality "1"]

1. e4 c5 2. Nc3 Nc6 3. Bb5 Nd4 4. Nf3 Nxb5 5. Nxb5 d6 6. d4 Nf6 7. Qd3 a6 8. Nc3 cxd4 9. Nxd4 e5 10. Nde2 h6 11. h3 Be6 12. 0-0 Be7 13. a4 Rc8 14. b3 0-0 15. f4 exf4 16. Bxf4 Qb6+ 17. Kh1 Qc5 18. Rfd1 Rfd8 19. Rac1 d5 20. e5 Nh7 21. Be3 Qc7 22. Qd4 Nf8 23. Qb6 Qxe5 24. Bf4 Qf5 25. Qxb7 Ba3 26. Bc7 Re8 27. Nd4 Qf6 28. Rb1 Qe7 29. Nxd5 Bxd5 30. Qxd5 Qxc7 31. b4 a5 32. Nb5 Qxc2 33. Nxa3 Qxa4 34. Qxa5 Qc6 35. Rbc1 Qe4 36. Rxc8 Rxc8 37. b5 Ra8 38. Qc3 Ne6 39. Nc2 Ra2 40. Rd2 Ra4 41. Qd3 Qb7 42. Qd7 Qb6 43. Qe8+ Kh7 44. Qxf7 Rf4 45. Qd7 Rf1+ 46. Kh2 Qg1+ 47. Kg3 Ng5 48. Qd3+ g6 49. Qd7+ Rf7 50. Qg4 Rf3+ 51. Kh4 Rxh3+ 52. Qxh3 Nxh3 53. Kxh3 Qc5 54. Rd7+ Kg8 55. Nd4 Qc8 0-1

[Event "Liga Insular Gran Canaria 1b"]
[Site "Las Palmas"]
[Date "2019.04.06"]
[Round "5.2"]
[White "Monte Soto, Jose Aurelio"]
[Black "Donate Villalba, Juan Francisco"]
[Result "0-1"]
[WhiteElo "1607"]
[BlackElo "2054"]
[PlyCount "62"]
[EventDate "2019.03.02"]
[EventType "team-tourn"]
[EventRounds "7"]
[EventCountry "ESP"]
[SourceTitle "EXT 2021"]
[Source "ChessBase"]
[SourceDate "2020.10.23"]
[SourceVersion "1"]
[SourceVersionDate "2020.10.23"]
[SourceQuality "1"]
[WhiteTeam "Mogan II"]
[BlackTeam "Hotel Avda de Canarias II"]
[WhiteTeamCountry "ESP"]
[BlackTeamCountry "ESP"]

1. d4 d5 2. Nf3 Nf6 3. c4 c6 4. Nc3 e6 5. Bg5 Be7 6. e3 0-0 7. Rc1 Nbd7 8. Bd3 dxc4 9. Bxc4 b5 10. Bb3 a6 11. 0-0 Bb7 12. Ne5 c5 13. Nxf7 Kxf7 14. dxc5 Nxc5 15. Qc2 Nxb3 16. Qxb3 Nd5 17. Bxe7 Qxe7 18. e4 Nxc3 19. Rxc3 Rac8 20. Rh3 Bxe4 21. f3 Qc5+ 22. Kh1 Bc2 23. Qa3 Qxa3 24. bxa3 Rc3 25. a4 bxa4 26. Re1 Rfc8 27. g4 Bg6 28. Rg3 Rc1 29. Rgg1 Rxe1 30. Rxe1 Rb8 31. h4 Rb1 0-1

[Event "Gran Canaria Cabildo op"]
[Site "Gran Canaria"]
[Date "2019.03.19"]
[Round "3"]
[White "Donate Villalba, Juan Francisco"]
[Black "Armenteros Peral, Javier"]
[Result "1-0"]
[WhiteElo "2054"]
[BlackElo "1971"]
[PlyCount "53"]
[EventDate "2019.03.12"]
[EventType "swiss"]
[EventRounds "7"]
[EventCountry "ESP"]
[SourceTitle "CBM 189 Extra"]
[Source "ChessBase"]
[SourceDate "2019.06.03"]
[SourceVersion "1"]
[SourceVersionDate "2019.06.03"]
[SourceQuality "1"]

1. e4 e5 2. Nc3 Nc6 3. g3 Bc5 4. Bg2 Nge7 5. Nf3 d6 6. h3 Be6 7. 0-0 Qd7 8. Kh2 h6 9. Na4 Nd4 10. Nxd4 Bxd4 11. c3 Bb6 12. d4 f6 13. f4 0-0 14. f5 Bc4 15. Nxb6 axb6 16. Re1 Rxa2 17. Rxa2 Bxa2 18. dxe5 fxe5 19. Qg4 Kh7 20. Qh4 Ng8 21. g4 d5 22. g5 dxe4 23. Bxe4 Bd5 24. Rd1 Qb5 25. Rxd5 Qe2+ 26. Bg2 Ne7 27. g6+ 1-0

[Event "Gran Canaria Santana Memorial 6th"]
[Site "Gran Canaria"]
[Date "2018.11.27"]
[Round "4.1"]
[White "Donate Villalba, Juan Francisco"]
[Black "Camino Carrio, Nicanor"]
[Result "1-0"]
[WhiteElo "2042"]
[BlackElo "1954"]
[PlyCount "71"]
[EventDate "2018.11.16"]
[EventType "swiss"]
[EventRounds "7"]
[EventCountry "ESP"]
[SourceTitle "EXT 2024"]
[Source "ChessBase"]
[SourceDate "2023.10.10"]
[SourceVersion "1"]
[SourceVersionDate "2023.10.10"]
[SourceQuality "1"]

1. e4 c5 2. Nc3 Nc6 3. g3 g6 4. Bg2 Bg7 5. d3 e6 6. f4 Nge7 7. Nf3 0-0 8. 0-0 Nd4 9. Be3 d5 10. Nh4 Nxc2 11. Qxc2 d4 12. Bf2 dxc3 13. bxc3 Qc7 14. e5 Bd7 15. Nf3 Rac8 16. Nd2 Bc6 17. Ne4 b6 18. a4 Rcd8 19. a5 Nd5 20. axb6 axb6 21. d4 c4 22. Nd6 b5 23. Qb2 Rb8 24. Bxd5 Bxd5 25. Rfb1 Qc6 26. Ra7 Bh1 27. Be1 f6 28. Rba1 fxe5 29. dxe5 b4 30. cxb4 Bxe5 31. fxe5 c3 32. Bxc3 Rf3 33. Qa2 Rbf8 34. Qxe6+ R8f7 35. Ra8+ Kg7 36. Ne8+ 1-0

[Event "Lanzarote op"]
[Site "Lanzarote"]
[Date "2018.06.30"]
[Round "9"]
[White "Prueske, Wolfgang"]
[Black "Donate Villalba, Juan Francisco"]
[Result "0-1"]
[WhiteElo "2000"]
[BlackElo "1869"]
[PlyCount "66"]
[EventDate "2018.06.25"]
[EventType "swiss"]
[EventRounds "9"]
[EventCountry "ESP"]
[SourceTitle "CBM 185 Extra"]
[Source "ChessBase"]
[SourceDate "2018.07.29"]
[SourceVersion "1"]
[SourceVersionDate "2018.07.29"]
[SourceQuality "1"]

1. g3 g6 2. Bg2 Bg7 3. e4 e5 4. c3 d6 5. Ne2 Nd7 6. 0-0 Ngf6 7. d3 0-0 8. f4 c6 9. d4 b6 10. h3 Ba6 11. Be3 Re8 12. fxe5 dxe5 13. d5 Qc7 14. Nd2 cxd5 15. exd5 e4 16. c4 b5 17. Nc3 bxc4 18. Qe1 Rad8 19. Qf2 Ne5 20. Ndxe4 Nxe4 21. Bxe4 Nd3 22. Bxd3 cxd3 23. Bxa7 Rc8 24. Be3 Qd7 25. Rfd1 Qxh3 26. Rd2 Rc4 27. Rf1 f5 28. Nd1 Rg4 29. Bf4 Re2 30. Rxe2 dxe2 31. Re1 g5 32. Ne3 Bd4 33. Qg2 Bxe3+ 0-1

[Event "Lanzarote op"]
[Site "Lanzarote"]
[Date "2018.06.27"]
[Round "6"]
[White "Navio Lopez, Manuel Alberto"]
[Black "Donate Villalba, Juan Francisco"]
[Result "1/2-1/2"]
[WhiteElo "1918"]
[BlackElo "1869"]
[PlyCount "35"]
[EventDate "2018.06.25"]
[EventType "swiss"]
[EventRounds "9"]
[EventCountry "ESP"]
[SourceTitle "CBM 185 Extra"]
[Source "ChessBase"]
[SourceDate "2018.07.29"]
[SourceVersion "1"]
[SourceVersionDate "2018.07.29"]
[SourceQuality "1"]

1. d4 d5 2. c4 e6 3. Nf3 Nf6 4. Bg5 Be7 5. Nc3 h6 6. Bh4 0-0 7. e3 b6 8. Bd3 Bb7 9. 0-0 Nbd7 10. cxd5 Nxd5 11. Nxd5 Bxd5 12. Bg3 c5 13. dxc5 Nxc5 14. Be2 Bf6 15. Nd4 Ne4 16. a3 Qe7 17. Rc1 Nxg3 18. hxg3 1/2-1/2

[Event "Las Palmas Montalvo Memorial 11th"]
[Site "Las Palmas"]
[Date "2018.03.25"]
[Round "3"]
[White "Roque Hernandez, Francisco"]
[Black "Donate Villalba, Juan Francisco"]
[Result "0-1"]
[WhiteElo "1285"]
[BlackElo "1813"]
[PlyCount "102"]
[EventDate "2018.03.24"]
[EventType "swiss"]
[EventRounds "9"]
[EventCountry "ESP"]
[SourceTitle "CBM 183 Extra"]
[Source "ChessBase"]
[SourceDate "2018.04.19"]
[SourceVersion "1"]
[SourceVersionDate "2018.04.19"]
[SourceQuality "1"]

1. d4 d5 2. c4 e5 3. cxd5 Qxd5 4. dxe5 Qxe5 5. Nf3 Bb4+ 6. Nbd2 Qe7 7. a3 Ba5 8. b4 Bb6 9. Bb2 Nf6 10. Qc2 Ng4 11. Bd4 Nc6 12. Bxb6 axb6 13. h3 Nf6 14. e3 Nxb4 15. Qc3 Nc6 16. Bb5 Bd7 17. 0-0 0-0 18. Rfe1 Rfe8 19. e4 Ne5 20. Bxd7 Nxf3+ 21. Qxf3 Nxd7 22. Re3 Qe5 23. Rae1 Ra4 24. Qe2 Rea8 25. Nb1 Nc5 26. f3 Ne6 27. Rd1 Qg5 28. Red3 h6 29. Rd5 Nf4 30. Rxg5 Nxe2+ 31. Kf2 hxg5 32. Kxe2 Kf8 33. Rd7 Rc4 34. Nd2 Rc6 35. Rd3 Ke8 36. g3 b5 37. Rb3 Rb6 38. Ke3 c5 39. f4 gxf4+ 40. Kxf4 b4 41. Nc4 Rf6+ 42. Ke5 bxa3 43. Rxa3 Rxa3 44. Nxa3 Rf3 45. Nb5 Rxg3 46. Nd6+ Kf8 47. h4 Rh3 48. Nxb7 c4 49. Nc5 c3 50. Nb3 c2 51. Nc1 Rh1 0-1

[Event "Gran Canaria Cabildo op"]
[Site "Gran Canaria"]
[Date "2018.03.16"]
[Round "4"]
[White "Donate Villalba, Juan Francisco"]
[Black "Medina Martin, Alberto"]
[Result "1/2-1/2"]
[WhiteElo "1813"]
[BlackElo "2015"]
[PlyCount "72"]
[EventDate "2018.03.06"]
[EventType "swiss"]
[EventRounds "7"]
[EventCountry "ESP"]
[SourceTitle "CBM 183 Extra"]
[Source "ChessBase"]
[SourceDate "2018.04.19"]
[SourceVersion "1"]
[SourceVersionDate "2018.04.19"]
[SourceQuality "1"]

1. e4 e6 2. d4 d5 3. Bd3 c5 4. exd5 exd5 5. Nf3 c4 6. Be2 Bd6 7. b3 cxb3 8. axb3 Ne7 9. 0-0 0-0 10. c4 Nbc6 11. Nc3 Bg4 12. Bb2 dxc4 13. bxc4 Bxf3 14. Bxf3 Nxd4 15. Bxb7 Rb8 16. Bd5 Nef5 17. Ba3 Rb3 18. Bxd6 Qxd6 19. c5 Qxc5 20. Bxb3 Qxc3 21. Bd5 Qc5 22. Be4 Nd6 23. Bd3 f5 24. Qa4 f4 25. Qxa7 Qd5 26. Ra5 Nf3+ 27. gxf3 Qxd3 28. Rg5 Nf7 29. Rg2 Qxf3 30. Kh1 h6 31. Ra1 Rd8 32. Qe7 Rd1+ 33. Rxd1 Qxd1+ 34. Rg1 Qf3+ 35. Rg2 Qd1+ 36. Rg1 Qf3+ 1/2-1/2

[Event "Las Palmas Insular-chT Segunda 1718"]
[Site "Las Palmas"]
[Date "2017.11.11"]
[Round "2.2"]
[White "Donate Villalba, Juan Francisco"]
[Black "Garcia Mederos, Jose Francisco"]
[Result "1-0"]
[WhiteElo "1813"]
[BlackElo "1038"]
[PlyCount "67"]
[EventDate "2017.10.28"]
[EventType "team-swiss"]
[EventRounds "9"]
[EventCountry "ESP"]
[SourceTitle "EXT 2019"]
[Source "ChessBase"]
[SourceDate "2018.10.10"]
[SourceVersion "1"]
[SourceVersionDate "2018.10.10"]
[SourceQuality "1"]
[WhiteTeam "Hotel Avda de Canarias IV"]
[BlackTeam "Sociedad La Montana VI"]
[WhiteTeamCountry "ESP"]
[BlackTeamCountry "ESP"]

1. e4 e5 2. Nf3 Nc6 3. Bc4 Be7 4. d3 d6 5. h3 Bd7 6. c3 f6 7. b4 g6 8. Qb3 f5 9. Bxg8 Rxg8 10. Qxg8+ Bf8 11. Bh6 Qe7 12. Qxf8+ Qxf8 13. Bxf8 0-0-0 14. Bh6 fxe4 15. dxe4 Be6 16. Nbd2 Ne7 17. Bg5 Re8 18. Bxe7 Rxe7 19. 0-0 d5 20. Rfe1 Rd7 21. exd5 Rxd5 22. Rxe5 Rd6 23. Rae1 b6 24. Rxe6 Rd3 25. R1e3 Rd5 26. Nb3 c5 27. b5 Rd1+ 28. Kh2 Ra1 29. Re8+ Kc7 30. Nxa1 Kd6 31. Rd3+ Kc7 32. Re7+ Kc8 33. Rdd7 Kb8 34. Rd8# 1-0

[Event "Las Palmas Insular-chT Segunda 1718"]
[Site "Las Palmas"]
[Date "2017.10.28"]
[Round "1.2"]
[White "Gamia Sunday, Cristobal"]
[Black "Donate Villalba, Juan Francisco"]
[Result "0-1"]
[WhiteElo "1548"]
[BlackElo "1813"]
[PlyCount "60"]
[EventDate "2017.10.28"]
[EventType "team-swiss"]
[EventRounds "9"]
[EventCountry "ESP"]
[SourceTitle "EXT 2019"]
[Source "ChessBase"]
[SourceDate "2018.10.10"]
[SourceVersion "1"]
[SourceVersionDate "2018.10.10"]
[SourceQuality "1"]
[WhiteTeam "Fundacion La Caja de Canarias IV"]
[BlackTeam "Hotel Avda de Canarias III"]
[WhiteTeamCountry "ESP"]
[BlackTeamCountry "ESP"]

1. d4 d5 2. c4 e5 3. e3 exd4 4. Qxd4 Nf6 5. cxd5 Qxd5 6. Nf3 Nc6 7. Qxd5 Nxd5 8. Bb5 Bd7 9. 0-0 Bd6 10. Bc4 Ndb4 11. Nc3 Na5 12. Be2 a6 13. Bd2 0-0 14. Ne4 Be7 15. a3 Nbc6 16. Bc3 Nb3 17. Rad1 Bf5 18. Ng3 Be6 19. Nh5 f6 20. Nf4 Bf7 21. Nd5 Bd6 22. Bc4 Nc5 23. Nd4 Ne5 24. Ba2 Na4 25. Nf5 Nxc3 26. Nxc3 Bxa2 27. Nxa2 Nc4 28. b4 Rad8 29. Rd3 Bxh2+ 30. Kxh2 Rxd3 0-1

[Event "Canarias-chT"]
[Site "San Cristobal de La Laguna"]
[Date "2017.06.23"]
[Round "3.3"]
[White "Donate Villalba, Juan Francisco"]
[Black "Diaz Martin, Jesus"]
[Result "1-0"]
[WhiteElo "1862"]
[BlackElo "1034"]
[PlyCount "37"]
[EventDate "2017.06.22"]
[EventType "team-swiss"]
[EventRounds "6"]
[EventCountry "ESP"]
[SourceTitle "EXT 2024"]
[Source "ChessBase"]
[SourceDate "2023.10.10"]
[SourceVersion "1"]
[SourceVersionDate "2023.10.10"]
[SourceQuality "1"]
[WhiteTeam "Hotel Avda de Canarias II"]
[BlackTeam "Roque Niquiomo II"]
[WhiteTeamCountry "ESP"]
[BlackTeamCountry "ESP"]

1. e4 c5 2. Nc3 e6 3. g3 b6 4. Bg2 Bb7 5. d3 d6 6. Nh3 Nc6 7. 0-0 Qc7 8. f4 Be7 9. f5 exf5 10. Rxf5 Nf6 11. Bg5 h6 12. Bxf6 Bxf6 13. Nd5 Qd8 14. Nxf6+ gxf6 15. Qh5 Nd4 16. Rf2 Bc8 17. Raf1 c4 18. Rxf6 0-0 19. Rxh6 1-0

[Event "Arrecife de Lanzarote op"]
[Site "Arrecife de Lanzarote"]
[Date "2017.06.12"]
[Round "2"]
[White "Donate Villalba, Juan Francisco"]
[Black "Perez Bolanos, David"]
[Result "1-0"]
[WhiteElo "1862"]
[BlackElo "1455"]
[PlyCount "53"]
[EventDate "2017.06.11"]
[EventType "swiss"]
[EventRounds "9"]
[EventCountry "ESP"]
[SourceTitle "EXT 2019"]
[Source "ChessBase"]
[SourceDate "2018.10.10"]
[SourceVersion "1"]
[SourceVersionDate "2018.10.10"]
[SourceQuality "1"]

1. e4 c5 2. Nc3 Nc6 3. g3 g6 4. Bg2 Bg7 5. f4 d6 6. d3 Nf6 7. Nf3 0-0 8. 0-0 Qc7 9. h3 Re8 10. g4 e6 11. Be3 a6 12. Ne2 h5 13. Nh2 hxg4 14. hxg4 Bd7 15. Qe1 Nb4 16. Qd2 b5 17. Ng3 Rad8 18. f5 exf5 19. gxf5 Nc6 20. Bh6 Ne5 21. Qg5 Nh7 22. Qh4 Bf6 23. Qf4 Bc8 24. Ng4 Bg7 25. Bxg7 Kxg7 26. Qh6+ Kg8 27. f6 1-0

[Event "Las Palmas Cabildo op"]
[Site "Las Palmas"]
[Date "2017.03.10"]
[Round "1"]
[White "Cano Aguero, Francisco"]
[Black "Donate Villalba, Juan Francisco"]
[Result "0-1"]
[WhiteElo "1286"]
[BlackElo "1780"]
[PlyCount "42"]
[EventDate "2017.03.10"]
[EventType "swiss"]
[EventRounds "7"]
[EventCountry "ESP"]
[SourceTitle "EXT 2018"]
[Source "ChessBase"]
[SourceDate "2017.10.13"]
[SourceVersion "1"]
[SourceVersionDate "2017.10.13"]
[SourceQuality "1"]

1. e4 e5 2. Nf3 Nc6 3. Bb5 Nf6 4. 0-0 d6 5. d4 exd4 6. e5 dxe5 7. Nxe5 Bd7 8. Nxd7 Qxd7 9. c3 0-0-0 10. cxd4 Qxd4 11. Qb3 Ne5 12. Be3 Qd5 13. Qa4 a6 14. Nc3 axb5 15. Qa8+ Kd7 16. Qa7 Qc6 17. Qd4+ Bd6 18. Rfd1 Ke8 19. Qa7 Qa6 20. Qd4 Neg4 21. Bg5 Bxh2+ 0-1